|
|
|
|
| LEADER |
01798nam a2200445 a 4500 |
| 001 |
EBC3050854 |
| 003 |
MiAaPQ |
| 005 |
20200520144314.0 |
| 006 |
m o d | |
| 007 |
cr cn||||||||| |
| 008 |
120322s2012 dcua sb 000 0 eng d |
| 010 |
|
|
|z 2012011905
|
| 020 |
|
|
|z 9780821395479
|
| 020 |
|
|
|a 9780821395486 (electronic bk.)
|
| 035 |
|
|
|a (MiAaPQ)EBC3050854
|
| 035 |
|
|
|a (Au-PeEL)EBL3050854
|
| 035 |
|
|
|a (CaPaEBR)ebr10576335
|
| 035 |
|
|
|a (OCoLC)802054261
|
| 040 |
|
|
|a MiAaPQ
|c MiAaPQ
|d MiAaPQ
|
| 050 |
|
4 |
|a HV713
|b .C3964 2012
|
| 082 |
0 |
4 |
|a 362.7
|2 23
|
| 245 |
0 |
0 |
|a Children and youth in crisis
|h [electronic resource] :
|b protecting and promoting human development in times of economic shocks /
|c Mattias Lundberg and Alice Wuermli.
|
| 260 |
|
|
|a Washington D.C. :
|b World Bank,
|c 2012.
|
| 300 |
|
|
|a xxi, 292 p. :
|b ill.
|
| 490 |
1 |
|
|a Directions in development
|
| 504 |
|
|
|a Includes bibliographical references.
|
| 505 |
0 |
|
|a pt. 1. Introduction and framing -- pt. 2. The empirical evidence of the impact of economic crises on children and youth -- pt. 3. Policy.
|
| 533 |
|
|
|a Electronic reproduction. Ann Arbor, MI : ProQuest, 2015. Available via World Wide Web. Access may be limited to ProQuest affiliated libraries.
|
| 650 |
|
0 |
|a Child welfare
|x Economic aspects.
|
| 650 |
|
0 |
|a Children
|x Social conditions.
|
| 650 |
|
0 |
|a Youth
|x Social conditions.
|
| 650 |
|
0 |
|a Financial crises
|x Social aspects.
|
| 650 |
|
0 |
|a Business cycles
|x Social aspects.
|
| 655 |
|
4 |
|a Electronic books.
|
| 700 |
1 |
|
|a Lundberg, Mattias.
|
| 700 |
1 |
|
|a Weurmli, Alice.
|
| 710 |
2 |
|
|a World Bank.
|
| 710 |
2 |
|
|a ProQuest (Firm)
|
| 830 |
|
0 |
|a Directions in development (Washington, D.C.)
|
| 856 |
4 |
0 |
|u https://ebookcentral.proquest.com/lib/matrademy/detail.action?docID=3050854
|z Click to View
|